000 00370nam a2200157Ia 4500
005 20260330112748.0
008 260330s9999||||xx |||||||||||||| ||und||
020 _a9802570066
041 _aspa
245 0 _aEl Conejo Y El Mapurite /
250 _a12 ed.
260 _aCaracas, Venezuela :
_bEdiciones Ekaré.
300 _a36 p.
650 _aCUENTO
942 _cBKL
999 _c3341
_d3341